=LDR 00000nam 2200000 4500 =001 INLIS000000000004017 =005 20130612092315 =008 ***********************************Ind** =035 ##$$0010-061300000004017 =041 ##$$a Ind =082 ##$$a 808.066 6 =090 ##$$a 808.066 6, Wid s =100 ##$$a Widyamartaya, A =245 ##$$a Seni menuangkan gagasan, A.Widyamartaya =260 ##$$a 1993 $b Yogyakarta =300 ##$$a 154 hlm, ilus, 21 cm =650 ##$$a Teknik penulisan =650 ##$$a Karya ilmiah =850 ##$$a NBPNMAT =990 ##$$a 0001/BPAP-NTB/2016